| 000 | 01009nam a22002537a 4500 | ||
|---|---|---|---|
| 005 | 20170124103010.0 | ||
| 010 | _aB-032030 | ||
| 020 |
_c150.00 _a8187779012 |
||
| 035 | _aB-032030 | ||
| 037 | _bCen Lib/Ret | ||
| 040 |
_aDPL _bHN |
||
| 082 |
_aक _bकासली |
||
| 100 |
_aकासलीवाल, प्रेम _957196 |
||
| 245 |
_aऐसी भी बातें होती हैं / _cप्रेम कासलीवाल |
||
| 246 |
_aAisi bhi baaten hoti hain / _bby Prem Kaasliwal |
||
| 260 |
_aनई दिल्ली _bअनुराग प्रकाशन _c2000 |
||
| 270 |
_a1/1073-डी, महरौली _bनई दिल्ली _e110030 |
||
| 300 |
_a146पृ. _c21सेमी (सजिल्द) |
||
| 650 |
_aहिन्दी -- साहित्य _957197 |
||
| 650 |
_aहिन्दी -- कहानी _9779 |
||
| 650 |
_aHindi -- Literature _957198 |
||
| 650 |
_aHindi -- Story _943117 |
||
| 942 |
_2ddc _cHN _hक _mकासली |
||
| 999 |
_c114532 _d114532 |
||